Principles of Civil Procedure in the Magistrates' Courts / (Record no. 28)

MARC details
000 -LEADER
fixed length control field 00518nam a22001697a 4500
005 - DATE AND TIME OF INPUT
control field 20231024124322.0
008 - DATA ELEMENTS--GENERAL INFORMATION
fixed length control field 231024b |||||||| |||| 00| 0 eng d
020 ## - INTERNATIONAL STANDARD BOOK NUMBER
International Standard Book Number 0702122815
041 ## - LANGUAGE CODE
Language code of text English
082 ## - SHELF NUMBER
DDC number 347.1 ECK
100 ## - MAIN AUTHOR
Main author's name Eckard, CF
Language of a work English
245 ## - TITLE STATEMENT
Title Principles of Civil Procedure in the Magistrates' Courts /
Statement of responsibility, etc. CF Eckard
260 ## - PUBLICATION, DISTRIBUTION, ETC.
Place of publication, distribution, etc. Cape Town :
Name of publisher, distributor, etc. Juta & Company, Ltd,
Date of publication, distribution, etc. 1984
300 ## - PHYSICAL DESCRIPTION
Other physical details lxiii, 373 pages ;
Dimensions 25 cm.
650 ## - SUBJECT`
Broad subject Legal practice
Own subject terms Law
942 ## - ADDED ENTRY ELEMENTS (KOHA)
Item type Books
942 ## - ADDED ENTRY ELEMENTS (KOHA)
-- ALISON_BN_VRIES
Holdings
Source of classification or shelving scheme Not for loan Collection code Home library Current library Shelving location Date acquired Full call number Barcode Price effective from Koha item type
Dewey Decimal Classification   TEXT BOOKS LAW SOCIETY OF NAMIBIA LIBRARY - WINDHOEK LAW SOCIETY OF NAMIBIA LIBRARY - WINDHOEK Civil Procedure and Court 10/24/2023 347.1 ECK LSN/1993/40 10/24/2023 Books